| 000 | 00979nam a2200277Ia 4500 | ||
|---|---|---|---|
| 003 | OSt | ||
| 005 | 20220918171048.0 | ||
| 006 | a|||||r|||| 00| 0 | ||
| 007 | ta | ||
| 008 | 220917b |||||||| |||| 00| 0 eng d | ||
| 020 |
_a9781138551206 (hbk) _cUKP 115.00 |
||
| 024 | _a348,358 | ||
| 037 |
_b113, 06/02/2019, Classic Book Service _cTextual |
||
| 040 |
_aARTS _cARTS _beng |
||
| 041 |
_2eng _aeng |
||
| 082 | _aO111(Y11):g, Q8 | ||
| 100 |
_aSawyer Fritz Sonya Ed. _933754 |
||
| 245 | 0 | _aVictorian era in twenty first-century children's and adolescent literature and culture | |
| 260 |
_aNew York _bRoutledge USA _c2018 |
||
| 300 |
_axiii,252p. _ccm. |
||
| 490 | _aChildren's literature and culture | ||
| 650 |
_aCHILDREN LITERATURE; ENGLISH LITERATURE _933074 |
||
| 700 |
_a Day Sara K. Ed. _933755 |
||
| 942 |
_hO111(Y11):g, Q8 _cTEXL _2CC |
||
| 999 |
_c137654 _d137654 |
||